00464nam a2200157Ia 4500008004100000040001900041041001200060082001900072100002000091245007400111260003800185300002500223650002600248651001400274850001800288131103s9999 xx 000 0 und d aLoreto College aEnglish a922/SULbLCLIB aBodkin, Mathias 4aThe port of tearsb the life of Father john Sullivan cMathias Bodkin aDublinbClonmore & Reynoldsc1954 a114p.b ill.c 20cm. aSullivan, Father John aBiography aLCLIB/922/SUL